000 00238nmm a2200085Ia 4500
008 220120s9999||||xx |||||||||||||||||und||
100 _aDigit, October
245 0 _aFIFA 09 Demo ; Sample flash files , vista service pack 1.0,
260 _c2008
999 _c139213
_d139213